| 000 | 00706cam a2200241 4500500 | ||
|---|---|---|---|
| 005 | 20260405004101.0 | ||
| 041 | _afre | ||
| 042 | _adc | ||
| 100 | 1 | 0 |
_aOrtoli, Sven _eauthor |
| 245 | 0 | 0 | _aÀ l’école des buissons |
| 260 | _c2022. | ||
| 500 | _a55 | ||
| 690 | _aArbre | ||
| 690 | _adéracinement | ||
| 690 | _aFlorence Burgat | ||
| 690 | _aJardin | ||
| 690 | _aNature | ||
| 690 | _aPlante | ||
| 690 | _aSven Ortoli | ||
| 690 | _aVégétal | ||
| 786 | 0 | _nPhilosophie magazine - Hors séries | Hors-série - Pritemps-été 2022 | HS53 | 2022-04-01 | p. 1-1 | 2104-9246 | |
| 856 | 4 | 1 | _uhttps://shs.cairn.info/magazine-philosophie-magazine-2022-3-6-page-1?lang=fr&redirect-ssocas=7080 |
| 999 |
_c2073555 _d2073555 |
||